[Event "XXVII SuperGM"]
[Site "Linares ESP"]
[Date "2010.02.24"]
[Round "10"]
[White "Vallejo Pons, F."]
[Black "Grischuk, A."]
[Result "1/2-1/2"]
[WhiteElo "2705"]
[BlackElo "2736"]
[PlyCount "63"]
[EventDate "2010.02.13"]

1. e4 c5 2. Nf3 d6 3. d4 cxd4 4. Nxd4 Nf6 5. Nc3 a6 6. f3 Qb6 7. Nb3 e6 8. Bf4
Qc7 9. Qd2 Nc6 10. O-O-O Ne5 11. Bg3 Be7 12. f4 Ned7 13. Be2 e5 14. Nd5 Nxd5
15. exd5 Bf6 16. fxe5 Nxe5 17. Rhf1 Qe7 18. Kb1 O-O 19. Na5 Bd7 20. Qb4 Rab8
21. Rde1 b5 22. Nc6 Bxc6 23. dxc6 Qc7 24. Qe4 Rbe8 25. Qd5 Re6 26. Bg4 Nxg4 27.
Rxe6 fxe6 28. Qxe6+ Rf7 29. Qe8+ Rf8 30. Qe6+ Rf7 31. Qe8+ Rf8 32. Qe6+ 1/2-1/2

[Event "XXVII SuperGM"]
[Site "Linares ESP"]
[Date "2010.02.24"]
[Round "10"]
[White "Aronian, L."]
[Black "Gashimov, V."]
[Result "1-0"]
[WhiteElo "2781"]
[BlackElo "2759"]
[PlyCount "115"]
[EventDate "2010.02.13"]

1. d4 Nf6 2. c4 e6 3. Nf3 c5 4. d5 d6 5. Nc3 exd5 6. cxd5 g6 7. Bf4 a6 8. a4
Bg7 9. h3 O-O 10. e3 Ne8 11. Be2 Nd7 12. O-O Qe7 13. Re1 h6 14. a5 Nc7 15. Rc1
f5 16. Qb3 g5 17. Bg3 Rb8 18. Na4 b5 19. axb6 Na8 20. Ra1 Naxb6 21. Nc3 Na8 22.
Qc2 Nc7 23. Bc4 Rb4 24. b3 Nf6 25. Ra5 Nd7 26. Na4 Kh8 27. Nb2 Rb6 28. Rd1 Nb5
29. Bd3 Nc3 30. Rd2 Ne4 31. Bxe4 fxe4 32. Ne1 Bxb2 33. Qxb2+ Kg8 34. Nc2 Nf6
35. Na3 Ne8 36. Nc4 Rb5 37. Ra4 h5 38. Na5 h4 39. Bh2 Bf5 40. Nc6 Qb7 41. b4
Bd7 42. Qc2 Bf5 43. bxc5 Rxc5 44. Qd1 Rb5 45. Ra1 Bc8 46. Rc1 Bf5 47. Nd8 Qe7
48. Ne6 Bxe6 49. dxe6 Qxe6 50. Bxd6 Nxd6 51. Rxd6 Qf5 52. Qh5 Rb7 53. Rg6+ Rg7
54. Rh6 Rh7 55. Rxh7 Qxh7 56. Qxg5+ Qg7 57. Qxh4 Qg6 58. Rc5 1-0